[Event "EU-chT (Women) 08th"]
[Site "Novi Sad"]
[Date "2009.10.25"]
[Round "4"]
[White "Robles Garcia, Claudia"]
[Black "Malokas, Nermina"]
[Result "1-0"]
[WhiteElo "2256"]
[BlackElo "1959"]
[PlyCount "105"]
[EventDate "2009.10.22"]
[EventType "team-swiss"]
[EventRounds "9"]
[EventCountry "YUG"]
[SourceTitle "EXT 2010"]
[Source "ChessBase"]
[SourceDate "2010.11.25"]
[SourceVersion "1"]
[SourceVersionDate "2010.11.25"]
[SourceQuality "1"]
[WhiteTeam "Spain (W)"]
[BlackTeam "Bosnia&Hercegovina (W)"]
[WhiteTeamCountry "ESP"]
[BlackTeamCountry "BIH"]

1. e4 c5 2. Nf3 e6 3. d4 cxd4 4. Nxd4 Nf6 5. Nc3 Nc6 6. Be2 Bb4 7. 0-0 Bxc3 8. bxc3 0-0 9. Nxc6 dxc6 10. e5 Qxd1 11. Rxd1 Nd5 12. Bd2 c5 13. c4 Ne7 14. a4 b6 15. Bc3 Rb8 16. a5 Nc6 17. a6 Rd8 18. Bf3 Nd4 19. Bxd4 cxd4 20. c3 d3 21. Be4 d2 22. Kf1 g6 23. Ke2 f5 24. exf6 Kf7 25. Rxd2 Rxd2+ 26. Kxd2 Kxf6 27. Kc2 Bd7 28. Kb3 Rc8 29. Rd1 Ke7 30. Rd3 b5 31. cxb5 Bxb5 32. Rh3 Bxa6 33. Rxh7+ Kf6 34. Rxa7 Rb8+ 35. Kc2 Bc4 36. Rb7 Rh8 37. h3 Rh4 38. Bf3 Rf4 39. Kd2 Bf1 40. Ke3 Rc4 41. Rb3 Rc5 42. Be4 Re5 43. f4 Rxe4+ 44. Kxe4 Bxg2+ 45. Ke3 Bxh3 46. Rb5 Bf5 47. Kd4 g5 48. fxg5+ Kxg5 49. Ke5 Kg4 50. c4 Bd3 51. Rb4 Kg5 52. c5 Ba6 53. c6 1-0

[Event "Balaguer op 14th"]
[Site "Balaguer"]
[Date "2009.07.21"]
[Round "9"]
[White "Fandino Reyes, Roquelina"]
[Black "Robles Garcia, Claudia"]
[Result "1/2-1/2"]
[WhiteElo "2228"]
[BlackElo "2242"]
[PlyCount "63"]
[EventDate "2009.07.13"]
[EventType "swiss"]
[EventRounds "10"]
[EventCountry "ESP"]
[SourceTitle "CBM 131 Extra"]
[Source "ChessBase"]
[SourceDate "2009.09.03"]
[SourceVersion "2"]
[SourceVersionDate "2009.09.16"]
[SourceQuality "1"]

1. e4 d6 2. d4 Nf6 3. Bd3 e5 4. c3 Nc6 5. Ne2 d5 6. exd5 Qxd5 7. 0-0 e4 8. Bc2 Bd6 9. Ng3 Bxg3 10. hxg3 Bg4 11. Qd2 h6 12. f3 exf3 13. gxf3 Bf5 14. Bb3 Qd6 15. Qe1+ Kd8 16. Bf4 Qd7 17. Qf2 Re8 18. Na3 Nd5 19. Bd2 Nb6 20. Rfe1 Be6 21. Bc2 Ne7 22. Be4 c6 23. b3 Nf5 24. Nc2 Nd5 25. c4 Nf6 26. Bd3 Nd6 27. Bf1 Ke7 28. c5 Nb5 29. Bxb5 cxb5 30. Bf4 Kf8 31. Rad1 Kg8 32. Bd6 1/2-1/2

[Event "Seville op 34th"]
[Site "Seville"]
[Date "2009.01.28"]
[Round "6"]
[White "Robles Garcia, Claudia"]
[Black "Ramos Suria, Felix"]
[Result "1/2-1/2"]
[WhiteElo "2258"]
[BlackElo "2096"]
[PlyCount "56"]
[EventDate "2009.01.23"]
[EventType "swiss"]
[EventRounds "9"]
[EventCountry "ESP"]
[SourceTitle "CBM 128 Extra"]
[Source "ChessBase"]
[SourceDate "2009.03.05"]
[SourceVersion "2"]
[SourceVersionDate "2009.03.25"]
[SourceQuality "1"]

1. e4 e5 2. Nf3 Nc6 3. Bb5 f5 4. d3 fxe4 5. dxe4 Nf6 6. 0-0 Bc5 7. Qd3 d6 8. Qc4 Bd7 9. Nc3 Qe7 10. Bg5 Qf7 11. Nd5 Nxd5 12. exd5 Nd4 13. Bxd7+ Qxd7 14. Nxe5 Qf5 15. Be3 Qxe5 16. c3 0-0 17. Bxd4 Bxd4 18. cxd4 Qg5 19. Rae1 Rf7 20. Qb3 b6 21. Re2 Raf8 22. Rc2 h6 23. Qc4 Re7 24. b4 Kh8 25. a4 Rf5 26. Qa6 Rxd5 27. Qxa7 Rxd4 28. b5 Qd5 1/2-1/2

[Event "Seville op 34th"]
[Site "Seville"]
[Date "2009.01.25"]
[Round "3"]
[White "Salgado Lopez, Ivan"]
[Black "Robles Garcia, Claudia"]
[Result "1-0"]
[WhiteElo "2554"]
[BlackElo "2258"]
[PlyCount "87"]
[EventDate "2009.01.23"]
[EventType "swiss"]
[EventRounds "9"]
[EventCountry "ESP"]
[SourceTitle "CBM 128 Extra"]
[Source "ChessBase"]
[SourceDate "2009.03.05"]
[SourceVersion "2"]
[SourceVersionDate "2009.03.25"]
[SourceQuality "1"]

1. b3 c5 2. Bb2 Nc6 3. Nf3 d6 4. e3 Bg4 5. h3 Bh5 6. c4 e6 7. d3 Nf6 8. Be2 h6 9. 0-0 Be7 10. Nbd2 0-0 11. Rc1 b6 12. Re1 Bg6 13. a3 Rc8 14. d4 d5 15. cxd5 Nxd5 16. Bb5 Nb8 17. dxc5 a6 18. Bf1 Bxc5 19. b4 Be7 20. Rxc8 Qxc8 21. Qa1 Bf6 22. Bxf6 Nxf6 23. Ne5 Bh7 24. Rc1 Qb7 25. Ndc4 Ne4 26. Qd4 b5 27. Na5 Qe7 28. Bd3 Nf6 29. Bxh7+ Kxh7 30. Qc5 Qd8 31. Qc2+ Kg8 32. Rd1 Qb6 33. Qc5 Qxc5 34. bxc5 Rc8 35. c6 Ne8 36. h4 h5 37. c7 Nxc7 38. Rc1 Kf8 39. Nb7 Ke7 40. Nxf7 Kd7 41. Ne5+ Ke7 42. e4 Nd7 43. Nc6+ Kf8 44. Na7 1-0

[Event "ESP-ch U18"]
[Site "Padron"]
[Date "2008.07.27"]
[Round "1"]
[White "Riera Morilla, Elizabeth"]
[Black "Robles Garcia, Claudia"]
[Result "1/2-1/2"]
[WhiteElo "1915"]
[BlackElo "2256"]
[PlyCount "72"]
[EventDate "2008.07.27"]
[EventType "swiss"]
[EventRounds "9"]
[EventCountry "ESP"]
[SourceTitle "CBM 125 Extra"]
[Source "ChessBase"]
[SourceDate "2008.09.01"]
[SourceVersion "1"]
[SourceVersionDate "2008.09.01"]
[SourceQuality "1"]

1. e4 c5 2. Nf3 d6 3. d4 cxd4 4. Nxd4 Nf6 5. Nc3 a6 6. Be2 e5 7. Nb3 Be7 8. 0-0 0-0 9. Kh1 Nc6 10. f4 exf4 11. Bxf4 Be6 12. Nd4 Ne5 13. Nf5 Bxf5 14. exf5 Qb6 15. Rb1 Rac8 16. Bg5 Ned7 17. Bf3 Rfe8 18. Bxf6 Nxf6 19. Nd5 Nxd5 20. Bxd5 Bf6 21. c4 Rc7 22. Qd2 Rce7 23. Rbe1 h6 24. Rxe7 Rxe7 25. b3 Bg5 26. Qd1 Qe3 27. g3 Qe5 28. Bg2 b5 29. Qd5 Qxd5 30. Bxd5 b4 31. Kg2 Bf6 32. Rf2 Bd4 33. Rd2 Bc3 34. Rf2 Re5 35. g4 Bd4 36. Rd2 Bc3 1/2-1/2

[Event "La Roda op 35th"]
[Site "La Roda"]
[Date "2008.03.22"]
[Round "7"]
[White "Dolezal, Cristian"]
[Black "Robles Garcia, Claudia"]
[Result "1/2-1/2"]
[WhiteElo "2425"]
[BlackElo "2203"]
[PlyCount "134"]
[EventDate "2008.03.19"]
[EventType "swiss"]
[EventRounds "9"]
[EventCountry "ESP"]
[SourceTitle "CBM 123 Extra"]
[Source "ChessBase"]
[SourceDate "2008.05.06"]
[SourceVersion "1"]
[SourceVersionDate "2008.05.06"]
[SourceQuality "1"]

1. e4 d6 2. d4 Nf6 3. Nc3 g6 4. Bg5 Bg7 5. Qd2 h6 6. Bh4 g5 7. Bg3 Nh5 8. 0-0-0 Nd7 9. Nd5 Ndf6 10. Nxf6+ Bxf6 11. Kb1 c6 12. Ne2 Qb6 13. c3 Be6 14. Nc1 0-0-0 15. Bd3 Kb8 16. Qe2 g4 17. Bc4 Nxg3 18. hxg3 Bxc4 19. Qxc4 c5 20. dxc5 Qxc5 21. Qe2 Qg5 22. Rd5 Qg6 23. Rhd1 Rc8 24. Nb3 Be5 25. Nd4 e6 26. Rb5 a6 27. Rb4 Ka8 28. Nc2 Rc5 29. Ne3 h5 30. Nc4 Rd8 31. a4 f6 32. Qc2 Ka7 33. Ka2 Qh7 34. Qb3 Qc7 35. Nxe5 Rxe5 36. f4 gxf3 37. gxf3 d5 38. Rd3 Rd7 39. Rbd4 f5 40. exf5 Rxf5 41. f4 Rh7 42. Re3 e5 43. fxe5 Rxe5 44. Red3 Rg5 45. Qc2 Rhg7 46. Qf2 b6 47. a5 Qc5 48. b4 Qb5 49. Rf3 Re5 50. Rd2 Kb7 51. Rf7+ Re7 52. Rxe7+ Rxe7 53. Qxb6+ Qxb6 54. axb6 Re3 55. Kb3 Re5 56. Rf2 Kxb6 57. Rf6+ Kb5 58. Rd6 Rg5 59. Rd8 Kc6 60. Rc8+ Kd6 61. Ra8 Rxg3 62. Rxa6+ Kc7 63. Ra7+ Kc6 64. Rh7 d4 65. Rh6+ Kb7 66. Rh7+ Kc6 67. Rh6+ Kb7 1/2-1/2

[Event "Condom (Women)"]
[Site "Condom"]
[Date "2008.??.??"]
[Round "3"]
[White "Benmesbah, Natacha"]
[Black "Robles Garcia, Claudia"]
[Result "0-1"]
[WhiteElo "2210"]
[BlackElo "2256"]
[PlyCount "144"]
[EventDate "2008.07.12"]
[EventType "tourn"]
[EventRounds "9"]
[EventCountry "FRA"]
[SourceTitle "EXT 2009"]
[Source "ChessBase"]
[SourceDate "2008.11.26"]
[SourceVersion "1"]
[SourceVersionDate "2008.11.26"]
[SourceQuality "1"]

1. e4 c5 2. Nf3 d6 3. d4 cxd4 4. Nxd4 Nf6 5. Nc3 a6 6. Be3 e5 7. Nb3 Be6 8. f3 Be7 9. Qd2 0-0 10. 0-0-0 Qc7 11. Kb1 d5 12. exd5 Nxd5 13. Nxd5 Bxd5 14. Qf2 Qc6 15. Bd3 f5 16. Na5 Qa4 17. c4 Be6 18. Bb6 Nd7 19. Bc2 Qb4 20. Rxd7 Bxd7 21. Bb3 Be6 22. a3 Qd6 23. Rd1 Qb8 24. Qe3 Bf6 25. c5 Bxb3 26. Qxb3+ Kh8 27. g3 e4 28. f4 Qc8 29. Qd5 Rb8 30. Nc4 Qc6 31. Nd6 Qxd5 32. Rxd5 g6 33. b4 Kg7 34. Kc2 Bd8 35. Ba7 Ra8 36. Nxb7 Bc7 37. Bb6 Bxb6 38. cxb6 Rab8 39. Nc5 Rxb6 40. Kd2 Rc6 41. Ke3 Rff6 42. Rd7+ Rf7 43. Rd5 h6 44. Kd4 Re7 45. Ke3 Kf6 46. a4 Rec7 47. Kd4 Ke7 48. Re5+ Kf7 49. Rd5 Rb6 50. Kc4 e3 51. a5 Re6 52. Rd1 Re4+ 53. Kb3 e2 54. Re1 Rxc5 55. bxc5 Ke6 56. Kc3 Kd5 57. Kd2 Kxc5 58. Rc1+ Kd4 59. Ke1 g5 60. Rc6 gxf4 61. gxf4 Ke3 62. Rxa6 Kxf4 63. Rxh6 Kf3 64. a6 f4 65. Rh3+ Kg2 66. a7 Ra4 67. Rh8 Rxa7 68. Kxe2 f3+ 69. Ke3 Re7+ 70. Kd2 Rg7 71. Rf8 f2 72. Ke3 Re7+ 0-1

[Event "Condom (Women)"]
[Site "Condom"]
[Date "2008.??.??"]
[Round "1"]
[White "Robles Garcia, Claudia"]
[Black "Steil Antoni, Fiona"]
[Result "0-1"]
[WhiteElo "2256"]
[BlackElo "2103"]
[PlyCount "148"]
[EventDate "2008.07.12"]
[EventType "tourn"]
[EventRounds "9"]
[EventCountry "FRA"]
[SourceTitle "EXT 2009"]
[Source "ChessBase"]
[SourceDate "2008.11.26"]
[SourceVersion "1"]
[SourceVersionDate "2008.11.26"]
[SourceQuality "1"]

1. e4 d6 2. d4 Nf6 3. Nc3 Nbd7 4. f4 e5 5. Nf3 exd4 6. Qxd4 c6 7. a4 d5 8. exd5 Bc5 9. Qc4 Qe7+ 10. Qe2 Qxe2+ 11. Bxe2 cxd5 12. Bd2 a6 13. a5 b5 14. axb6 Nxb6 15. Ne5 Ne4 16. Nxe4 dxe4 17. Ra5 Bd6 18. 0-0 Be6 19. Bc3 f6 20. Nc6 0-0 21. Bxa6 Nc4 22. Ra4 Nb6 23. Raa1 Bc4 24. Bxc4+ Nxc4 25. g3 Bc5+ 26. Kh1 Ne3 27. Rxa8 Rxa8 28. Rc1 Rc8 29. Na5 Bb6 30. Nb3 Rd8 31. h3 Nd1 32. Bb4 e3 33. Kg2 e2 34. Be1 Nxb2 35. Kf3 Re8 36. g4 Nd1 37. f5 Re3+ 38. Kg2 Bc7 39. Nd4 Bf4 40. Ra1 h5 41. Ra7 Bg3 42. Nf3 Bxe1 43. Nxe1 h4 44. Rd7 Rg3+ 45. Kh2 Ne3 46. Re7 Nf1+ 47. Kh1 Rxh3+ 48. Kg1 Rg3+ 49. Kf2 h3 50. Nf3 Rg2+ 51. Ke1 Ng3 52. Re8+ Kh7 53. Re3 h2 54. Nxh2 Rg1+ 55. Kf2 Rf1+ 56. Kxg3 e1Q+ 57. Rxe1 Rxe1 58. Nf3 Re2 59. g5 Rxc2 60. Kg4 Rc4+ 61. Kh5 Rf4 62. Nh4 Kg8 63. Ng6 Rf1 64. Nh4 Rg1 65. gxf6 gxf6 66. Nf3 Rg3 67. Nd4 Rg5+ 68. Kh4 Kf7 69. Kh3 Ke7 70. Kh4 Kd6 71. Kh3 Kd5 72. Nf3 Rxf5 73. Kg4 Re5 74. Kf4 Re2 0-1

[Event "EU-ch U18 Girls 17th"]
[Site "Sibenik"]
[Date "2007.09.23"]
[Round "9"]
[White "Robles Garcia, Claudia"]
[Black "Foisor, Sabina Francesca"]
[Result "0-1"]
[WhiteElo "2167"]
[BlackElo "2346"]
[PlyCount "76"]
[EventDate "2007.09.14"]
[EventType "swiss"]
[EventRounds "9"]
[EventCountry "CRO"]
[SourceTitle "CBM 120 Extra"]
[Source "ChessBase"]
[SourceDate "2007.11.01"]
[SourceVersion "1"]
[SourceVersionDate "2007.11.01"]
[SourceQuality "1"]

1. e4 c5 2. Nf3 Nc6 3. d4 cxd4 4. Nxd4 Qb6 5. Nb3 Nf6 6. Nc3 e6 7. Be2 a6 8. 0-0 d6 9. Kh1 Qc7 10. f4 b5 11. a3 Be7 12. Be3 Bb7 13. Bf3 0-0 14. Qe1 b4 15. axb4 Nxb4 16. Qf2 d5 17. Bb6 Qxf4 18. g3 Qb8 19. exd5 Bxd5 20. Nxd5 Nbxd5 21. Ba5 Qc8 22. Qe2 Rb8 23. Be1 Nc7 24. Bc3 Nfd5 25. Be5 Bf6 26. Bxf6 Nxf6 27. Ra4 Ncd5 28. Bg2 Rb6 29. Rh4 Re8 30. Qd2 Ne7 31. Qf2 Rb5 32. Be4 Ng6 33. Bxg6 hxg6 34. Nd4 Qb7+ 35. Kg1 Rxb2 36. g4 g5 37. Rh3 Qe4 38. Rg3 Rd8 0-1

[Event "EU-ch U18 Girls 17th"]
[Site "Sibenik"]
[Date "2007.09.20"]
[Round "7"]
[White "Daulyte Cornette, Deimante"]
[Black "Robles Garcia, Claudia"]
[Result "1-0"]
[WhiteElo "2216"]
[BlackElo "2167"]
[PlyCount "77"]
[EventDate "2007.09.14"]
[EventType "swiss"]
[EventRounds "9"]
[EventCountry "CRO"]
[SourceTitle "CBM 120 Extra"]
[Source "ChessBase"]
[SourceDate "2007.11.01"]
[SourceVersion "1"]
[SourceVersionDate "2007.11.01"]
[SourceQuality "1"]

1. e4 c5 2. Nf3 d6 3. d4 cxd4 4. Nxd4 Nf6 5. Nc3 a6 6. Bg5 e6 7. f4 Qb6 8. Qd2 Qxb2 9. Rb1 Qa3 10. e5 dxe5 11. fxe5 Nfd7 12. Ne4 Qxa2 13. Rd1 Qd5 14. Qf4 Qa5+ 15. c3 h6 16. Be2 hxg5 17. Nxg5 Nxe5 18. 0-0 f6 19. Ngxe6 Bxe6 20. Nxe6 Qb6+ 21. Nd4 Nbd7 22. Rb1 Qc7 23. Bg4 Nc5 24. Nf5 Ne6 25. Qe4 Qc6 26. Qe2 Bc5+ 27. Kh1 Nxg4 28. Qxg4 Kf7 29. Rbe1 g6 30. Nh4 Rh6 31. Nf3 Qd6 32. Qxe6+ Kg7 33. Qe4 Qc7 34. Nh4 Rah8 35. g3 Rd8 36. Rd1 Be7 37. Rxd8 Bxd8 38. Rd1 Qe7 39. Qg4 1-0

[Event "ESP-ch U18"]
[Site "Linares"]
[Date "2007.08.02"]
[Round "7"]
[White "Aguado Solana, Juan"]
[Black "Robles Garcia, Claudia"]
[Result "1/2-1/2"]
[WhiteElo "1995"]
[BlackElo "2167"]
[PlyCount "51"]
[EventDate "2007.07.29"]
[EventType "swiss"]
[EventRounds "9"]
[EventCountry "ESP"]
[SourceTitle "EXT 2008"]
[Source "ChessBase"]
[SourceDate "2007.11.25"]
[SourceVersion "1"]
[SourceVersionDate "2007.11.25"]
[SourceQuality "1"]

1. d4 Nf6 2. Bg5 Ne4 3. Bf4 c5 4. f3 Qa5+ 5. c3 Nf6 6. Nd2 cxd4 7. Nb3 Qb6 8. Qxd4 Nc6 9. Qxb6 axb6 10. Nd4 Nd5 11. Bd2 Nc7 12. e4 e5 13. Nb5 Nxb5 14. Bxb5 Kd8 15. Nh3 f6 16. Nf2 d6 17. Nd1 Be6 18. a4 d5 19. exd5 Bxd5 20. Ne3 Be6 21. 0-0 Kc7 22. Bc4 Bxc4 23. Nxc4 Bc5+ 24. Kh1 Na5 25. Nxa5 bxa5 26. Rad1 1/2-1/2

[Event "Sort op 3rd"]
[Site "Sort"]
[Date "2007.06.25"]
[Round "1"]
[White "Hamdouchi, Hicham"]
[Black "Robles Garcia, Claudia"]
[Result "1-0"]
[WhiteElo "2576"]
[BlackElo "2167"]
[PlyCount "53"]
[EventDate "2007.06.25"]
[EventType "swiss"]
[EventRounds "10"]
[EventCountry "ESP"]
[SourceTitle "EXT 2010"]
[Source "ChessBase"]
[SourceDate "2010.11.25"]
[SourceVersion "1"]
[SourceVersionDate "2010.11.25"]
[SourceQuality "1"]

1. e4 c5 2. Nc3 d6 3. f4 Nf6 4. Nf3 a6 5. d4 cxd4 6. Nxd4 e5 7. Nf3 Nbd7 8. a4 Qa5 9. Bd3 exf4 10. Bxf4 Ne5 11. 0-0 Be7 12. Qe1 0-0 13. Nd5 Qd8 14. Nxe7+ Qxe7 15. Nxe5 dxe5 16. Bg5 Qc5+ 17. Kh1 Nd7 18. b3 f6 19. Bd2 Qc7 20. Bb4 Rd8 21. Bc4+ Kh8 22. Qh4 Nb6 23. Ba5 Qd6 24. Bf7 Rf8 25. Rad1 Qc6 26. Bb4 Bg4 27. Bg6 1-0

[Event "La Roda op 34th"]
[Site "La Roda"]
[Date "2007.04.05"]
[Round "2"]
[White "Pogorelov, Ruslan"]
[Black "Robles Garcia, Claudia"]
[Result "1-0"]
[WhiteElo "2462"]
[BlackElo "2153"]
[PlyCount "71"]
[EventDate "2007.04.04"]
[EventType "swiss"]
[EventRounds "9"]
[EventCountry "ESP"]
[SourceTitle "CBM 117 Extra"]
[Source "ChessBase"]
[SourceDate "2007.05.09"]
[SourceVersion "1"]
[SourceVersionDate "2007.05.09"]
[SourceQuality "1"]

1. c4 c5 2. Nf3 Nc6 3. d4 cxd4 4. Nxd4 Nf6 5. Nc3 e6 6. a3 Be7 7. e4 0-0 8. Nf3 Qc7 9. Be2 b6 10. 0-0 Bb7 11. Bg5 Rfd8 12. Rc1 Qb8 13. Bh4 d6 14. Qc2 Ne5 15. Nxe5 dxe5 16. b4 Rd4 17. f3 Qd8 18. Rfd1 Bc6 19. Bf2 Rxd1+ 20. Rxd1 Qc7 21. c5 bxc5 22. Nb5 Qb7 23. Bxc5 Bxc5+ 24. Qxc5 Nd7 25. Qc4 h6 26. Nd6 Qb6+ 27. Kf1 Ba4 28. Rd2 a6 29. Qc3 Rb8 30. Nc4 Qc7 31. Qe3 Bb5 32. Na5 Bxe2+ 33. Qxe2 Ra8 34. Rc2 Qb6 35. Qd3 Nf6 36. Rc6 1-0

[Event "Seville op 32nd"]
[Site "Seville"]
[Date "2007.01.14"]
[Round "8"]
[White "Fenollar Jorda, Manuel"]
[Black "Robles Garcia, Claudia"]
[Result "0-1"]
[WhiteElo "2307"]
[BlackElo "2089"]
[PlyCount "104"]
[EventDate "2007.01.07"]
[EventType "swiss"]
[EventRounds "9"]
[EventCountry "ESP"]
[SourceTitle "CBM 116 Extra"]
[Source "ChessBase"]
[SourceDate "2007.03.07"]
[SourceVersion "1"]
[SourceVersionDate "2007.03.07"]
[SourceQuality "1"]

1. d4 Nf6 2. Nf3 c5 3. c3 Qc7 4. e3 g6 5. Bd3 Bg7 6. 0-0 0-0 7. a3 d6 8. b4 Be6 9. Bb2 a6 10. Nbd2 b6 11. Qe2 Bd5 12. e4 Bb7 13. bxc5 bxc5 14. d5 Nbd7 15. Rab1 Nh5 16. g3 Ndf6 17. c4 Bc8 18. Kg2 Rb8 19. e5 Ng4 20. exd6 exd6 21. Bxg7 Nxg7 22. Rxb8 Qxb8 23. Qd1 Bf5 24. Bxf5 Nxf5 25. Re1 Re8 26. h3 Nf6 27. g4 Ng7 28. Nb3 h5 29. g5 Nd7 30. Na5 Nf5 31. Nc6 Qc8 32. Qb1 Kf8 33. Qb2 Kg8 34. Qc3 Nb8 35. Na5 Nd7 36. a4 Rxe1 37. Qxe1 Qd8 38. Kf1 Nb6 39. Nc6 Qd7 40. a5 Nxc4 41. Qc3 Ne5 42. Ncxe5 dxe5 43. Qxc5 e4 44. Nd2 Nd6 45. Kg2 Qe7 46. h4 Qd7 47. Nf1 Qg4+ 48. Ng3 Nf5 49. Qc8+ Kh7 50. Qc7 Nxh4+ 51. Kh2 Qf3 52. Kh3 Qg2+ 0-1

[Event "EU-ch U16 Girls"]
[Site "Herceg Novi"]
[Date "2006.09.14"]
[Round "5"]
[White "Ivanova, Daria"]
[Black "Robles Garcia, Claudia"]
[Result "1/2-1/2"]
[WhiteElo "2101"]
[BlackElo "2153"]
[PlyCount "53"]
[EventDate "2006.09.10"]
[EventType "swiss"]
[EventRounds "9"]
[EventCountry "MNE"]
[SourceTitle "CBM 114 Extra"]
[Source "ChessBase"]
[SourceDate "2006.11.03"]
[SourceVersion "1"]
[SourceVersionDate "2006.11.03"]
[SourceQuality "1"]

1. e4 c5 2. Nf3 d6 3. Bb5+ Bd7 4. Bxd7+ Qxd7 5. c4 Nc6 6. d4 cxd4 7. Nxd4 g6 8. Be3 Bg7 9. 0-0 Nf6 10. f3 0-0 11. Nc3 Rab8 12. Qd2 a6 13. Rfd1 Rfc8 14. b3 Qc7 15. Rac1 Qa5 16. Nce2 Qxd2 17. Rxd2 Nd7 18. Nxc6 Rxc6 19. Nf4 Kf8 20. Nd5 h6 21. Kf2 Nc5 22. Ke2 Rbc8 23. Rdc2 Ke8 24. Nb4 Rb6 25. Nd3 Nxd3 26. Kxd3 Rbc6 27. h3 1/2-1/2

[Event "EU-ch U16 Girls"]
[Site "Herceg Novi"]
[Date "2006.09.12"]
[Round "3"]
[White "Le Bail, Clara"]
[Black "Robles Garcia, Claudia"]
[Result "0-1"]
[WhiteElo "1971"]
[BlackElo "2153"]
[PlyCount "64"]
[EventDate "2006.09.10"]
[EventType "swiss"]
[EventRounds "9"]
[EventCountry "MNE"]
[SourceTitle "CBM 114 Extra"]
[Source "ChessBase"]
[SourceDate "2006.11.03"]
[SourceVersion "1"]
[SourceVersionDate "2006.11.03"]
[SourceQuality "1"]

1. c4 c5 2. Nc3 Nc6 3. g3 g6 4. Bg2 Bg7 5. d3 d6 6. e3 e5 7. Nge2 Nge7 8. 0-0 0-0 9. a3 Be6 10. Bd2 d5 11. cxd5 Nxd5 12. Ne4 b6 13. Qb1 a5 14. Rd1 Rc8 15. Be1 Kh8 16. N4c3 f5 17. Nxd5 Bxd5 18. b4 axb4 19. axb4 Bxg2 20. Kxg2 Nxb4 21. Bxb4 cxb4 22. Ra4 Qd5+ 23. Kg1 b3 24. Rd2 f4 25. exf4 exf4 26. Nxf4 Qb5 27. Re4 b2 28. Rd1 Ra8 29. Rde1 Qc5 30. d4 Bxd4 31. R4e2 Ra1 32. Qd3 Rc1 0-1

[Event "Wch U16 Girls"]
[Site "Belfort"]
[Date "2005.07.26"]
[Round "8"]
[White "Robles Garcia, Claudia"]
[Black "Huddleston, Heather"]
[Result "1/2-1/2"]
[WhiteElo "2144"]
[BlackElo "2027"]
[PlyCount "60"]
[EventDate "2005.07.19"]
[EventType "swiss"]
[EventRounds "11"]
[EventCountry "FRA"]
[SourceTitle "CBM 107 Extra"]
[Source "ChessBase"]
[SourceDate "2005.09.01"]
[SourceVersion "1"]
[SourceVersionDate "2005.09.01"]
[SourceQuality "1"]

1. e4 c5 2. Nf3 e6 3. d4 cxd4 4. Nxd4 Nf6 5. Nc3 Nc6 6. Ndb5 Bb4 7. a3 Bxc3+ 8. Nxc3 d5 9. exd5 exd5 10. Bd3 0-0 11. 0-0 d4 12. Ne2 Bg4 13. f3 Bh5 14. Qe1 Re8 15. Bg5 Bg6 16. Qd2 Qd6 17. Ng3 Bxd3 18. Qxd3 Ne5 19. Qf5 Nd5 20. Ne4 Qb6 21. Kh1 Ne3 22. Bxe3 dxe3 23. f4 Nc4 24. Ng5 Qg6 25. Qxg6 hxg6 26. b3 Nd2 27. Rfe1 Rac8 28. Rac1 f6 29. Nf3 Rcd8 30. Re2 Re4 1/2-1/2